| 000 | 00436 a2200157 4500 | ||
|---|---|---|---|
| 003 | Nust | ||
| 005 | 20170207171638.0 | ||
| 010 | _a 2006272930 | ||
| 040 | _cNust | ||
| 100 | _aStephen J. Chapman | ||
| 245 |
_aElectric Machinery Fundamentals Solutions Manual (E-Book) _cStephen J. Chapman |
||
| 250 | _aFifth Edition | ||
| 260 |
_aMcGraw-Hill _bAmerica _c2012 |
||
| 300 | _a359 p | ||
| 650 | _aElectric Machinery Fundamentals Solutions Manual | ||
| 942 |
_2ddc _cBK |
||
| 999 |
_c218036 _d218036 |
||